000 00758nam a2200217Ia 4500
003 GCL
005 20240530101810.0
008 140319s9999 xx 000 0 ara d
040 _aGCL /
_cGCL
082 0 4 _a355.00962
_bق/هـ ن
_221
100 1 _aالهيئة العامة للاستعلامات
245 1 0 _aنظرات على انتصارات العسكرية الوطنية المصرية /
_cالهيئة العامة للاستعلامات
260 _a[S.N] :
_bالهيئة العامة للاستعلامات
300 _a335 ص
650 0 4 _aالعصر الحديث
650 0 4 _aمصر
650 0 4 _aالنزاع العربى الاسرائيلى
650 0 4 _aالجيش
650 0 4 _aالتاريخ القديم
942 _2ddc
_cBK
999 _c27783
_d27783